|
|
|
|
| LEADER |
00000nas a2200000 a 4500 |
| 001 |
ssj0013568 |
| 003 |
WaSeSS |
| 005 |
20200512172242.0 |
| 006 |
m d |
| 007 |
cr n |
| 008 |
020626c19999999ne qr pss 0 a0eng c |
| 010 |
|
|
|a 2011250545
|
| 016 |
7 |
|
|a 013817250
|2 Uk
|
| 022 |
|
|
|a 1874-6306
|l 1874-6306
|y 1524-8879
|
| 035 |
|
|
|a (WaSeSS)ssj0013568
|
| 040 |
|
|
|a TXU
|b eng
|e pn
|c TXU
|d OCLCQ
|d HUA
|d OCLCQ
|d OCL
|d CIT
|d AZU
|d AUD
|d OCLCQ
|d BUF
|d OCLCE
|d OCLCQ
|d DLC
|d OCLCQ
|d BUF
|d COO
|d OCLCO
|d OCLCF
|d OCLCO
|d OCLCQ
|d DOS
|d UKMGB
|d VT2
|d U3W
|d NJT
|d DLC
|d WaSeSS
|
| 042 |
|
|
|a pcc
|a nsdp
|a dlr
|
| 050 |
0 |
0 |
|a JC571
|
| 082 |
1 |
0 |
|a 323
|2 14
|
| 130 |
0 |
|
|a Human rights review (Piscataway, N.J. : Online)
|
| 222 |
|
0 |
|a Human rights review
|b (Online)
|
| 245 |
1 |
0 |
|a Human rights review
|h [electronic resource].
|
| 246 |
3 |
|
|a HRR
|
| 246 |
3 |
|
|a Hum Rights Rev
|
| 260 |
|
|
|3 <1999-2007> :
|a Piscataway, NJ :
|b Transaction Periodicals Consortium,
|c 1999-
|
| 260 |
3 |
|
|3 <2008>- :
|a Dordrecht, the Netherlands :
|b Springer Science + Business Media B.V.
|
| 310 |
|
|
|a Quarterly
|
| 362 |
1 |
|
|a Print began with vol. 1, no. 1 (Oct.-Dec. 1999).
|
| 506 |
|
|
|a License restrictions may limit access.
|
| 538 |
|
|
|a Master and use copy. Digital master created according to Benchmark for Faithful Digital Reproductions of Monographs and Serials, Version 1. Digital Library Federation, December 2002.
|u http://purl.oclc.org/DLF/benchrepro0212
|5 MiAaHDL
|
| 583 |
1 |
|
|a digitized
|c 2010
|h HathiTrust Digital Library
|l committed to preserve
|5 MiAaHDL
|2 pda
|
| 588 |
|
|
|a Description based on print version record.
|
| 588 |
|
|
|a Latest issue consulted: V. 20, no. 2 (June 2019) (SpringerLink, viewed Aug. 12, 2019).
|
| 650 |
|
0 |
|a Human rights
|v Periodicals.
|
| 650 |
|
0 |
|a Civil rights
|v Periodicals.
|
| 650 |
|
0 |
|a Political rights
|v Periodicals.
|
| 650 |
|
7 |
|a Civil rights.
|2 fast
|0 (OCoLC)fst00862627
|
| 650 |
|
7 |
|a Human rights.
|2 fast
|0 (OCoLC)fst00963285
|
| 650 |
|
7 |
|a Political rights.
|2 fast
|0 (OCoLC)fst01069715
|
| 655 |
|
0 |
|a Electronic journals.
|
| 776 |
0 |
8 |
|i Print version:
|t Human rights review (Piscataway, N.J.)
|x 1524-8879
|w (DLC)sn 99008589
|w (OCoLC)41284021
|
| 850 |
|
|
|a DLC
|
| 856 |
4 |
0 |
|z Full text available from Research Library: 10/01/1999 to 1 year ago
|u https://search.proquest.com/publication/55437
|